000 00907 a2200445 4500
000 BKB
001 070487
005 20200902150834.0
008
010 _a
020 _a
082 _a658.562
_bS36I
100 1 _aSchlikman, Jay
110 _a
245 1 _aISO 9001 :2000 quality management system design
_cby Jay Schlikman
250 _a
260 _aBoston
_bArtech House
_c2003
300 _a377p.
490 _a
_v
500 _a
600 _a
610 _a
611 _a
630 _a
650 _a
651 _a
654 _a
690 _aISO 9001 Standard; ISO 9000 Series Standards; Quality control
700 _a
_b
_c
710 _a
_b
_c
711 _a
720 _a
730 _a
740 _a
752 _a
856 _a
_d
_f
904 _a
964 _a
_b
_c
_d
_e
_f
_g
965 _a
999 _c3931
_d3931